[Event "Villa Ballester op 69th"]
[Site "Villa Ballester"]
[Date "2019.01.20"]
[Round "4"]
[White "Borda Rodas, Anapaola S"]
[Black "D`Adamo, Juan"]
[Result "1-0"]
[WhiteElo "1995"]
[BlackElo "1719"]
[PlyCount "65"]
[EventDate "2019.01.16"]
[EventType "swiss"]
[EventRounds "9"]
[EventCountry "ARG"]
[SourceTitle "CBM 188 Extra"]
[Source "ChessBase"]
[SourceDate "2019.02.26"]
[SourceVersion "1"]
[SourceVersionDate "2019.02.26"]
[SourceQuality "1"]

1. d4 Nf6 2. Bg5 e6 3. e4 h6 4. Bxf6 Qxf6 5. c3 c5 6. d5 d6 7. Nd2 Be7 8. Ngf3 e5 9. h3 a6 10. a4 Qg6 11. g3 Nd7 12. Bg2 0-0 13. 0-0 Rb8 14. Nc4 Bd8 15. a5 b5 16. axb6 Bxb6 17. Nfd2 Bc7 18. Kh2 Kh8 19. Qe2 Rb5 20. f4 f6 21. fxe5 fxe5 22. Rxf8+ Nxf8 23. Bf3 Nh7 24. Bh5 Qg5 25. Be8 Rb8 26. Bf7 Qe7 27. Bg6 Nf6 28. Rf1 a5 29. g4 Ba6 30. g5 Ng8 31. Qg2 Rxb2 32. Nxb2 Bxf1 33. Nxf1 1-0